[Event "Sachsen-Anhalt Landesliga-A 1920"]
[Site "Sachsen Anhalt"]
[Date "2020.09.20"]
[Round "8.3"]
[White "Woost, Thomas"]
[Black "Krueger, Jacob"]
[Result "0-1"]
[WhiteElo "1796"]
[BlackElo "1722"]
[PlyCount "102"]
[EventDate "2019.09.29"]
[EventType "team-tourn"]
[EventRounds "9"]
[EventCountry "GER"]
[SourceTitle "EXT 2023"]
[Source "ChessBase"]
[SourceDate "2022.10.05"]
[SourceVersion "1"]
[SourceVersionDate "2022.10.05"]
[SourceQuality "1"]
[WhiteTeam "Tangerhuette Eintracht"]
[BlackTeam "Gardelegen"]
[WhiteTeamCountry "GER"]
[BlackTeamCountry "GER"]

1. e4 c6 2. d4 d5 3. exd5 cxd5 4. f4 Nf6 5. Nf3 Nc6 6. Nc3 Bg4 7. Be2 Bxf3 8. Bxf3 e6 9. Be3 Be7 10. 0-0 0-0 11. a3 a6 12. Kh1 b5 13. g4 Rc8 14. g5 Ne8 15. Rc1 Nd6 16. b3 Nf5 17. Bf2 Bxa3 18. Rb1 Bd6 19. Ne2 Qc7 20. Qd2 Nce7 21. c3 a5 22. Rfc1 Ng6 23. Bg3 Qd7 24. Bg4 Nge7 25. Ra1 a4 26. bxa4 bxa4 27. Qd3 Rc4 28. Bf2 Qc7 29. Bg3 Rb8 30. Rc2 a3 31. Raa2 Rb3 32. Kg2 g6 33. Kh3 Qb8 34. Bf3 Rb2 35. Bg4 Qb3 36. Nc1 Qxc2 37. Qxc2 Rxc2 38. Rxc2 Nxd4 39. Rd2 Rxc3 40. Rxd4 Rxc1 41. Ra4 Rc3 42. Ra8+ Kg7 43. Ra4 Nf5 44. Bxf5 gxf5 45. Kh4 Rc4 46. Ra6 Bxf4 47. Rxa3 Bc1+ 48. Bf4 Bxa3 49. Kh5 Rxf4 50. h3 Be7 51. h4 Rg4 0-1

[Event "Sachsen-Anhalt Landesliga A 18/19"]
[Site "Sachsen Anhalt"]
[Date "2018.11.11"]
[Round "3.4"]
[White "Krueger, Jacob"]
[Black "Woelfer, Jan"]
[Result "1/2-1/2"]
[WhiteElo "1796"]
[BlackElo "1851"]
[PlyCount "112"]
[EventDate "2018.09.23"]
[EventType "team-tourn"]
[EventRounds "9"]
[EventCountry "GER"]
[SourceTitle "EXT 2022"]
[Source "ChessBase"]
[SourceDate "2021.10.06"]
[SourceVersion "1"]
[SourceVersionDate "2021.10.06"]
[SourceQuality "1"]
[WhiteTeam "Gardelegen"]
[BlackTeam "Aschersleben SV Lok"]
[WhiteTeamCountry "GER"]
[BlackTeamCountry "GER"]

1. c4 e5 2. Nc3 Nc6 3. d3 Bb4 4. Bd2 f5 5. e3 Nf6 6. a3 Bxc3 7. Bxc3 0-0 8. Be2 d6 9. Nf3 Ng4 10. h3 Nh6 11. Qc2 Qe7 12. 0-0-0 e4 13. Nd2 exd3 14. Bxd3 Ne5 15. Be2 Be6 16. f4 Nd7 17. g4 d5 18. Rdg1 g6 19. Qd3 Qc5 20. Bb4 Qc6 21. Bxf8 Rxf8 22. Qc3 Nb6 23. b3 dxc4 24. Bxc4 Nxc4 25. bxc4 b5 26. c5 fxg4 27. hxg4 Nxg4 28. Re1 Rf5 29. Nb3 Nf2 30. Rh2 Ne4 31. Qb4 Nxc5 32. Nxc5 Rxc5+ 33. Kb2 Qd5 34. Ka1 Rc4 35. Qd2 Qc5 36. Qd8+ Qf8 37. Qxf8+ Kxf8 38. Rxh7 Bg8 39. Rd7 Be6 40. Rd8+ Ke7 41. Ra8 Ra4 42. Kb2 Bd5 43. Rb8 a6 44. Rh8 c6 45. Rb8 a5 46. Rb7+ Kd6 47. Rd1 Ke6 48. Rc7 b4 49. axb4 axb4 50. Rd4 Ra2+ 51. Kb1 Re2 52. Rxb4 Rxe3 53. Kc1 Kf5 54. Kd2 Re4 55. Rxe4 Kxe4 56. Rg7 Kxf4 1/2-1/2